| 000 | 00879nam a22002537a 4500 | ||
|---|---|---|---|
| 999 |
_c17589 _d17589 |
||
| 003 | AR-CdUCM | ||
| 008 | 190509b ||||| |||| 00| 0 spa d | ||
| 040 |
_aMUNICIPALIDAD PROVINCIAL DEL CUSCO _cBIBLIOTECA MUNICIPAL DEL CUSCO |
||
| 082 |
_a331.833 / _bSA194 |
||
| 100 |
_aSanchez Leon, Abelardo _92261 |
||
| 245 | _aTugurización en Lima metropolitana / | ||
| 260 |
_aLima : _bDesco, _c1979. |
||
| 300 |
_a190 páginas ; _c23 cm. |
||
| 505 | _aContenido : Crisis en la vivienda -- Tipología de los tugurios internos -- Remodelación urbana. | ||
| 650 |
_acrisis en Lima _937694 |
||
| 650 |
_aExpansion barrial _937695 |
||
| 650 |
_aRealidad social _917262 |
||
| 650 |
_aBarriadas _915308 |
||
| 700 |
_aGuerrero de los Rios, Raul _937696 |
||
| 700 |
_aCalderón Cockburn, Julio _935248 |
||
| 700 |
_aOlivera Cardenas, Luis _98190 |
||
| 942 |
_2ddc _cLIBROS |
||
| 945 | _arcc | ||